| 000 | 01122nam a2200265 a 4500 | ||
|---|---|---|---|
| 001 | BRCA_7048 | ||
| 005 | 20190321142932.0 | ||
| 008 | 011211s2011----sp-a######---#000-0#spa-# | ||
| 020 | _a9788487832826 | ||
| 041 | _aspa | ||
| 044 | _asp | ||
| 050 | 4 | _b.O37 2011 | |
| 245 | 1 | 0 |
_aOfrendas del Nuevo Mundo _bplatería americana en las canarias orientales _ctextos Jesús Pérez Morera |
| 260 |
_aLas Palmas de Gran Canaria, España _bLINCA _c2011 |
||
| 300 |
_a79 p. _bil. a color _c28 cm. |
||
| 500 | _aCatálogo de la exposición realizada en el (CICCA) Centro de Iniciativas de La Caja de Canarias (Las Palmas de Gran Canaria), abril - mayo, 2011. | ||
| 500 | _aDonado y dedicado al MFM por el Dr. Jesús Pérez Morera. | ||
| 500 | _a2do. ejemplar en el Área de Investigación | ||
| 504 | _aIncluye referencias bibliográficas | ||
| 650 | 1 | 4 |
_aPlatería _vCatálogos _zLas Palmas de Gran Canaria _917516 |
| 650 | 1 | 4 |
_aOrfebrería _vExposiciones _917517 |
| 700 | 1 |
_aPérez Morera, Jesús _917518 |
|
| 710 | 2 |
_aCentro de Iniciativas de La Caja de Canarias (CICCA) (Las Plamas de Gran Canaria) _917519 |
|
| 942 |
_2lcc _cB |
||
| 999 |
_c6729 _d6729 |
||